00932nam a2200205 a 450000100100000000500170001000800410002702000180006804000250008610000280011124500480013926000450018730000290023250000700026150000420033195201200037395201050049395201110059899900170070900003787120201002031129.0130307s2013 dr a 000 0 spa d a9789945007299 aDO-SdBNPbspacBNPHU1 aMontero, Narciso96431710a... antes de enamorarte /cNarciso Montero. aSanto Domingo :bCentenario, SRL,c2013. a138 P. :bils. ;c22 cm. aIncluye datos biográficos del autor en la solapa de la cubierta aIncluye notas al pie de las páginas 001054708DSaGRbGRcCTd2013-03-07iLF1l0o p37871-30r2020-06-25te. 3w2020-06-25yLFDSZPréstamo en sala 0010718PDaPDbPDcCTd2013-03-07iLF1l0o p37871-10r2020-06-25w2020-06-25yLFPDZNo se presta 0010718PDaPDbPDcCTd2013-03-07iLF1l0o p37871-20r2020-06-25te. 2w2020-06-25yLFPDZNo se presta c37361d37361